Sociología política dominicana 1844-1966 / (Record no. 724)
[ view plain ]
| 000 -CABECERA | |
|---|---|
| campo de control de longitud fija | 01059nam a2200277 a 4500 |
| 001 - NÚMERO DE CONTROL | |
| campo de control | 000000728 |
| 005 - FECHA Y HORA DE LA ÚLTIMA TRANSACCIÓN | |
| campo de control | 20260429123224.0 |
| 008 - DATOS DE LONGITUD FIJA--INFORMACIÓN GENERAL | |
| campo de control de longitud fija | 090429t19741975dr 001 0 spa d |
| 040 ## - FUENTE DE LA CATALOGACIÓN | |
| Centro catalogador/agencia de origen | DO-SdBNP |
| Lengua de catalogación | spa |
| Centro/agencia transcriptor | BNPHU |
| 082 ## - NÚMERO DE LA CLASIFICACIÓN DECIMAL DEWEY | |
| Número de clasificación | 306.27293 |
| Número de documento/Ítem | J61s, 1974 |
| 100 1# - ENTRADA PRINCIPAL--NOMBRE DE PERSONA | |
| Nombre de persona | Jimenes Grullón, Juan Isidro, |
| Fechas asociadas al nombre | 1903-1983 |
| 9 (RLIN) | 2482 |
| 245 10 - MENCIÓN DE TÍTULO | |
| Título | Sociología política dominicana 1844-1966 / |
| Mención de responsabilidad, etc. | Juan I. Jimenes Grullón. |
| 260 ## - PUBLICACIÓN, DISTRIBUCIÓN, ETC. | |
| Lugar de publicación, distribución, etc. | Santo Domingo : |
| Nombre del editor, distribuidor, etc. | Taller, |
| Fecha de publicación, distribución, etc. | 1974-1975. |
| 300 ## - DESCRIPCIÓN FÍSICA | |
| Extensión | v. ; |
| Dimensiones | 21 cm. |
| 490 1# - MENCIÓN DE SERIE | |
| Mención de serie | Biblioteca taller |
| Designación de volumen o secuencia | 50 |
| 500 ## - NOTA GENERAL | |
| Nota general | La biblioteca posee el v.1.(1844 - 1898) y v.2. (1898-1924). |
| 500 ## - NOTA GENERAL | |
| Nota general | Incluye referencias bibliográficas y notas al pie de las páginas. |
| 590 ## - NOTA LOCAL (RLIN) | |
| Nota local | Inventariado, 2018/MFF |
| 650 #0 - PUNTO DE ACCESO ADICIONAL DE MATERIA--TÉRMINO DE MATERIA | |
| Término de materia o nombre geográfico como elemento de entrada | Sociología política |
| 9 (RLIN) | 2483 |
| 650 #0 - PUNTO DE ACCESO ADICIONAL DE MATERIA--TÉRMINO DE MATERIA | |
| Término de materia o nombre geográfico como elemento de entrada | Participación política |
| 9 (RLIN) | 456 |
| 650 #0 - PUNTO DE ACCESO ADICIONAL DE MATERIA--TÉRMINO DE MATERIA | |
| Término de materia o nombre geográfico como elemento de entrada | Ciencias políticas |
| 9 (RLIN) | 2426 |
| 651 #0 - PUNTO DE ACCESO ADICIONAL DE MATERIA--NOMBRE GEOGRÁFICO | |
| Nombre geográfico | República Dominicana |
| Subdivisión general | Política y gobierno |
| 9 (RLIN) | 45 |
| 651 #4 - PUNTO DE ACCESO ADICIONAL DE MATERIA--NOMBRE GEOGRÁFICO | |
| Nombre geográfico | República Dominicana |
| Subdivisión general | Condiciones Sociales |
| 9 (RLIN) | 46 |
| 830 #0 - PUNTO DE ACCESO ADICIONAL DE SERIE-TÍTULO UNIFORME | |
| Título uniforme | Biblioteca taller ; |
| Número de parte o sección de la obra | 50 |
| 9 (RLIN) | 2487 |
| 910 ## - DATOS DE OPCIÓN DEL USUARIO (OCLC) | |
| Datos de opción del usuario | Validado. Control de calidad EMS. |
| Estado de retiro | Estado de pérdida | Restricciones de uso | No para préstamo | Código de colección | Localización permanente | Ubicación/localización actual | Ubicación en estantería | Fecha de adquisición | Número de inventario | Total de préstamos | Signatura topográfica completa | Código de barras | Fecha visto por última vez | Precio válido a partir de | Tipo de ítem Koha | Nota pública |
|---|---|---|---|---|---|---|---|---|---|---|---|---|---|---|---|---|
| Préstamo en sala | Dominicana de Servicio | Biblioteca Nacional Pedro Henríquez Ureña | Biblioteca Nacional Pedro Henríquez Ureña | Depósito | 16.06.2011 | LF1 | 306.27293 J61s, 1974 | v.2, e.2 | 728-40 | 25.06.2020 | 25.06.2020 | Libros y folletos | |||||
| Préstamo restrigido | Patrimonio Dominicano | Biblioteca Nacional Pedro Henríquez Ureña | Biblioteca Nacional Pedro Henríquez Ureña | Depósito | 01.10.2013 | LF1 | v.2, e.4 | 728-50 | 25.06.2020 | 25.06.2020 | Libros y folletos | |||||
| Préstamo restrigido | Patrimonio Dominicano | Biblioteca Nacional Pedro Henríquez Ureña | Biblioteca Nacional Pedro Henríquez Ureña | Depósito | 25.08.2009 | LF1 | 306.27293 J61s, 1974 | v.1 | 728-10 | 25.06.2020 | 25.06.2020 | Libros y folletos | |||||
| Préstamo restrigido | Patrimonio Dominicano | Biblioteca Nacional Pedro Henríquez Ureña | Biblioteca Nacional Pedro Henríquez Ureña | Depósito | 25.08.2009 | LF1 | 306.27293 J61s, 1974 | v.1 , e.2 | 728-20 | 25.06.2020 | 25.06.2020 | Libros y folletos | Autografiado y dedicado por el autor. | ||||
| Préstamo restrigido | Patrimonio Dominicano | Biblioteca Nacional Pedro Henríquez Ureña | Biblioteca Nacional Pedro Henríquez Ureña | Depósito | 19.07.2010 | LF1 | 306.27293 J61s, 1974 | v.2 | 728-30 | 25.06.2020 | 25.06.2020 | Libros y folletos | Perteneció a Germán Emilio Ornes . Autografiado por el autor, dedicado a Adonis Martín. |
